<?xml version="1.0" encoding="UTF-8"?>
<record
    xmlns:xsi="http://www.w3.org/2001/XMLSchema-instance"
    xsi:schemaLocation="http://www.loc.gov/MARC21/slim http://www.loc.gov/standards/marcxml/schema/MARC21slim.xsd"
    xmlns="http://www.loc.gov/MARC21/slim">

  <leader>00831nam a22002537a 4500</leader>
  <controlfield tag="005">20230512221832.0</controlfield>
  <controlfield tag="008">180406t        xxu||||| |||| 00| 0 eng d</controlfield>
  <datafield tag="020" ind1=" " ind2=" ">
    <subfield code="a">9781418015633</subfield>
  </datafield>
  <datafield tag="040" ind1=" " ind2=" ">
    <subfield code="c">CSPC</subfield>
  </datafield>
  <datafield tag="082" ind1="0" ind2=" ">
    <subfield code="a">615.4 </subfield>
    <subfield code="b">P585d</subfield>
  </datafield>
  <datafield tag="100" ind1=" " ind2=" ">
    <subfield code="a">Pickar, Gloria D.,</subfield>
    <subfield code="e">author.</subfield>
  </datafield>
  <datafield tag="245" ind1="0" ind2="0">
    <subfield code="a">Dosage calculations</subfield>
    <subfield code="b">a ratio-proportion approach/</subfield>
    <subfield code="c">Gloria D. Pickar</subfield>
  </datafield>
  <datafield tag="250" ind1=" " ind2=" ">
    <subfield code="a">Second (2nd)</subfield>
    <subfield code="b">edition.</subfield>
  </datafield>
  <datafield tag="260" ind1=" " ind2=" ">
    <subfield code="a">Australia :</subfield>
    <subfield code="b">Thomson Delmar Learning ;</subfield>
    <subfield code="c">2007.</subfield>
  </datafield>
  <datafield tag="300" ind1=" " ind2=" ">
    <subfield code="a">xv, 565 pages :</subfield>
    <subfield code="b">figures, tables ;</subfield>
    <subfield code="c">24 cm.</subfield>
  </datafield>
  <datafield tag="500" ind1=" " ind2=" ">
    <subfield code="a">Includes Index.</subfield>
  </datafield>
  <datafield tag="650" ind1="1" ind2="0">
    <subfield code="a">Pharmaceutical arithmetic. </subfield>
  </datafield>
  <datafield tag="650" ind1="1" ind2="0">
    <subfield code="a">Drugs</subfield>
    <subfield code="v">Dosage. </subfield>
  </datafield>
  <datafield tag="650" ind1="1" ind2="0">
    <subfield code="a">Drugs</subfield>
    <subfield code="v">Administration.</subfield>
  </datafield>
  <datafield tag="940" ind1=" " ind2=" ">
    <subfield code="a">yves</subfield>
  </datafield>
  <datafield tag="942" ind1=" " ind2=" ">
    <subfield code="c">BOOK</subfield>
    <subfield code="j">NUR 615.4 P585d 2007</subfield>
  </datafield>
  <datafield tag="952" ind1=" " ind2=" ">
    <subfield code="0">0</subfield>
    <subfield code="1">0</subfield>
    <subfield code="4">0</subfield>
    <subfield code="7">0</subfield>
    <subfield code="a">CSPC</subfield>
    <subfield code="b">CSPC</subfield>
    <subfield code="c">NUR</subfield>
    <subfield code="d">2023-05-12</subfield>
    <subfield code="l">0</subfield>
    <subfield code="o">NUR 615.4 P585d 2007</subfield>
    <subfield code="p">008978</subfield>
    <subfield code="r">2023-05-12 00:00:00</subfield>
    <subfield code="t">1-6</subfield>
    <subfield code="w">2023-05-12</subfield>
    <subfield code="y">BK</subfield>
  </datafield>
  <datafield tag="952" ind1=" " ind2=" ">
    <subfield code="0">0</subfield>
    <subfield code="1">0</subfield>
    <subfield code="4">0</subfield>
    <subfield code="7">0</subfield>
    <subfield code="a">CSPC</subfield>
    <subfield code="b">CSPC</subfield>
    <subfield code="c">NUR</subfield>
    <subfield code="d">2023-05-12</subfield>
    <subfield code="l">0</subfield>
    <subfield code="o">NUR 615.4 P585d 2007</subfield>
    <subfield code="p">009823</subfield>
    <subfield code="r">2023-05-12 00:00:00</subfield>
    <subfield code="t">2-6</subfield>
    <subfield code="w">2023-05-12</subfield>
    <subfield code="y">BK</subfield>
  </datafield>
  <datafield tag="952" ind1=" " ind2=" ">
    <subfield code="0">0</subfield>
    <subfield code="1">0</subfield>
    <subfield code="4">0</subfield>
    <subfield code="7">0</subfield>
    <subfield code="a">CSPC</subfield>
    <subfield code="b">CSPC</subfield>
    <subfield code="c">NUR</subfield>
    <subfield code="d">2023-05-12</subfield>
    <subfield code="l">0</subfield>
    <subfield code="o">NUR 615.4 P585d 2007</subfield>
    <subfield code="p">009822</subfield>
    <subfield code="r">2023-05-12 00:00:00</subfield>
    <subfield code="t">3-6</subfield>
    <subfield code="w">2023-05-12</subfield>
    <subfield code="y">BK</subfield>
  </datafield>
  <datafield tag="952" ind1=" " ind2=" ">
    <subfield code="0">0</subfield>
    <subfield code="1">0</subfield>
    <subfield code="2">ddc</subfield>
    <subfield code="4">0</subfield>
    <subfield code="7">0</subfield>
    <subfield code="a">CSPC</subfield>
    <subfield code="b">CSPC</subfield>
    <subfield code="c">NUR</subfield>
    <subfield code="d">2023-05-12</subfield>
    <subfield code="l">0</subfield>
    <subfield code="o">NUR 615.4 P585d 2007</subfield>
    <subfield code="p">009825</subfield>
    <subfield code="r">2023-05-12 00:00:00</subfield>
    <subfield code="t">5-6</subfield>
    <subfield code="w">2023-05-12</subfield>
    <subfield code="y">BK</subfield>
  </datafield>
  <datafield tag="952" ind1=" " ind2=" ">
    <subfield code="0">0</subfield>
    <subfield code="1">0</subfield>
    <subfield code="4">0</subfield>
    <subfield code="7">0</subfield>
    <subfield code="a">CSPC</subfield>
    <subfield code="b">CSPC</subfield>
    <subfield code="c">NUR</subfield>
    <subfield code="d">2023-05-12</subfield>
    <subfield code="l">0</subfield>
    <subfield code="o">NUR 615.4 P585d 2007</subfield>
    <subfield code="p">009821</subfield>
    <subfield code="r">2023-05-12 00:00:00</subfield>
    <subfield code="t">4-6</subfield>
    <subfield code="w">2023-05-12</subfield>
    <subfield code="y">BK</subfield>
  </datafield>
  <datafield tag="952" ind1=" " ind2=" ">
    <subfield code="0">0</subfield>
    <subfield code="1">0</subfield>
    <subfield code="4">0</subfield>
    <subfield code="7">0</subfield>
    <subfield code="a">CSPC</subfield>
    <subfield code="b">CSPC</subfield>
    <subfield code="c">NUR</subfield>
    <subfield code="d">2023-05-12</subfield>
    <subfield code="l">0</subfield>
    <subfield code="o">NUR 615.4 P585d 2007</subfield>
    <subfield code="p">009824</subfield>
    <subfield code="r">2023-05-12 00:00:00</subfield>
    <subfield code="t">6-6</subfield>
    <subfield code="w">2023-05-12</subfield>
    <subfield code="y">BK</subfield>
  </datafield>
  <datafield tag="999" ind1=" " ind2=" ">
    <subfield code="c">3204</subfield>
    <subfield code="d">3204</subfield>
  </datafield>
</record>
